Score 0/20 Timer 03:00
1 Play Today
Hymn Title Missing Word % Correct
Holy, Holy, ______Holy
87.4%
How ______ Thou ArtGreat
82.3%
Stand Up, Stand Up for ______Jesus
75.5%
What a ______ We Have in JesusFriend
72.2%
O for a ______ Tongues to SingThousand
69.2%
Crown Him with ______ CrownsMany
66.7%
All ______ the Power of Jesus' NameHail
66.4%
Trust and _______Obey
62.3%
O the Deep, Deep ______ of JesusLove
59.6%
Great Is Thy ______Faithfulness
59%
Hymn Title Missing Word % Correct
Fairest ______ JesusLord
58.5%
All ______ of Our God and KingCreatures
54.2%
Immortal, _______, God Only WiseInvisible
54%
It Is ______ with My SoulWell
50.8%
______ but the BloodNothing
50%
All Glory, ______, and HonorLaud
47.7%
Rejoice, the Lord Is ______King
46.8%
O God, Our ______ in Ages PastHelp
44.9%
Come Thou ______ of Every BlessingFount
43.9%
______ so Sweet to Trust in Jesus'Tis
40.4%

Today's Daily Dose

Missing Word
Rihanna (A-Z)

Get the Picture
Laker Big Men

Remove Ads.
Support Sporcle.
Get the best of Sporcle when you Go Orange. This ad-free experience offers more features, more stats, and more fun while also helping to support Sporcle. Thank you for becoming a member.

You're not logged in!

Compare scores with friends on all Sporcle quizzes.
OR
Log In

Sporcle TV

Today on Sporcle TV


Watch our educational content, quiz creation guides, and fun videos on Sporcle TV.

Show Comments

Extras

Top Quizzes Today


Score Distribution

Paid Content

Your Account Isn't Verified!

In order to create a playlist on Sporcle, you need to verify the email address you used during registration. Go to your Sporcle Settings to finish the process.

Report this User

Report this user for behavior that violates our Community Guidelines.

Details: